| 000 | 00371nam a2200157Ia 4500 | ||
|---|---|---|---|
| 008 | 230524s9999 xx 000 0 und d | ||
| 082 |
_a612 _bNAR |
||
| 100 |
_aP.Narayanan _923697 |
||
| 245 | 0 | _aEssentials of Biophysics | |
| 250 | _a1ST | ||
| 260 |
_aNEW DELHI _bNAI _c2005 |
||
| 300 | _aXV;501 | ||
| 500 | _aQuantity Number: 1 | ||
| 650 | _aBiomedical | ||
| 942 | _cBK | ||
| 999 |
_c35241 _d35241 |
||